[Event "Cheliabinsk Panchenko Memorial op"]
[Site "Cheliabinsk"]
[Date "2019.09.15"]
[Round "7"]
[White "Prudnikova, Svetlana"]
[Black "Khannanova, Kamila"]
[Result "1-0"]
[WhiteElo "2234"]
[BlackElo "1140"]
[PlyCount "57"]
[EventDate "2019.09.09"]
[EventType "swiss"]
[EventRounds "9"]
[EventCountry "RUS"]
[SourceTitle "EXT 2020"]
[Source "ChessBase"]
[SourceDate "2019.10.17"]
[SourceVersion "1"]
[SourceVersionDate "2019.10.17"]
[SourceQuality "1"]

1. d4 d5 2. c4 c6 3. Nf3 Nf6 4. Nbd2 a6 5. g3 b5 6. b3 Bf5 7. Bg2 e6 8. Bb2 Qb6 9. cxd5 cxd5 10. Nh4 Bg4 11. h3 Bh5 12. g4 Bg6 13. 0-0 Be7 14. Rc1 0-0 15. Nxg6 hxg6 16. e4 dxe4 17. Nxe4 Ra7 18. d5 Rd7 19. Bd4 Qd8 20. Nc5 Bxc5 21. Bxc5 Re8 22. d6 e5 23. f4 exf4 24. Rxf4 Qa5 25. a3 Rdd8 26. g5 Rc8 27. gxf6 Rxc5 28. Rxc5 Re1+ 29. Kh2 1-0

[Event "Cheliabinsk Panchenko Memorial op"]
[Site "Cheliabinsk"]
[Date "2019.09.11"]
[Round "3"]
[White "Khannanova, Kamila"]
[Black "Gnusarev, Pavel"]
[Result "0-1"]
[WhiteElo "1140"]
[BlackElo "2277"]
[PlyCount "62"]
[EventDate "2019.09.09"]
[EventType "swiss"]
[EventRounds "9"]
[EventCountry "RUS"]
[SourceTitle "EXT 2020"]
[Source "ChessBase"]
[SourceDate "2019.10.17"]
[SourceVersion "1"]
[SourceVersionDate "2019.10.17"]
[SourceQuality "1"]

1. e4 c5 2. Nf3 e6 3. d4 cxd4 4. Nxd4 a6 5. Bd3 Nf6 6. 0-0 d6 7. Qe2 Nbd7 8. f4 Qb6 9. Be3 Qc7 10. Nc3 b6 11. Nb3 Bb7 12. Rae1 Be7 13. Qf3 0-0 14. Qg3 b5 15. a3 Rfe8 16. Qh3 e5 17. f5 Rab8 18. Rf3 d5 19. exd5 Bxa3 20. Nxb5 axb5 21. bxa3 e4 22. Bf4 Qb6+ 23. Kf1 exf3 24. Bxb8 Rxe1+ 25. Kxe1 Qg1+ 26. Kd2 Qf2+ 27. Kc3 fxg2 28. Ba7 Qxa7 29. Qxg2 Qxa3 30. Bxb5 Nxd5+ 31. Kd2 Qb4+ 0-1